| 000 | 00601nam a22001817a 4500 | ||
|---|---|---|---|
| 999 |
_c526241 _d526241 |
||
| 003 | NUST | ||
| 020 |
_a978-969-8922-14-6 _qPBK |
||
| 038 | _aFaiza | ||
| 082 |
_a320 _bASH |
||
| 100 |
_aAshraf, Mian Muhammad _917212 |
||
| 245 |
_aBad Amani : Aalami Surat e Haal / _cMian Muhammad Ashraf |
||
| 260 |
_aIslamabad : _bFarogh e Ilm Academy, _c2007. |
||
| 300 | _a197 p. ; | ||
| 880 |
_6100-01\r _aمیاں محمد اشرف |
||
| 880 |
_6245-02\r _aبدامنی : عالمی صورتِ حال / |
||
| 880 |
_6260-03\r _aاسلام آباد : _bفروغِ علم اکیڈمی, _c۲۰۰۷. |
||
| 942 |
_2ddc _cBK |
||